Zigzaga na net (Registo nº 6049)
[ vista simples ]
| 000 -Etiqueta do registo | |
|---|---|
| Valores | 00671nam a2200229 4500 |
| 010 ## - Número ISBN | |
| ISBN | 9789727424887 |
| 021 ## - Número do Depósito Legal | |
| Número | 489474/21 |
| 100 ## - Dados gerais de processamento | |
| Dados gerais | 20251001d2021 cd y0pory50030103ba |
| 200 1# - Titulo e menção de responsabilidade | |
| Título próprio | Zigzaga na net |
| Primeira menção de responsabilidade | Fátima Éffe |
| Outras menções de responsabilidade | il. Ana Seixas |
| 210 #9 - Publicação | |
| Local de publicação | Lisboa |
| Nome do editor | CIS - Centro de Sensibilização |
| -- | Centro de Sensibilização SeguraNet |
| Data de publicação | 2021 |
| 215 ## - Descrição física | |
| Paginação / Volumes | [32] p. |
| Outras indicações físicas | il. |
| 606 ## - Nome comum usado como assunto | |
| ID Autoridade | 4155 |
| Palavra de ordem | Ciência |
| 606 ## - Nome comum usado como assunto | |
| ID Autoridade | 3851 |
| Palavra de ordem | Tecnologia |
| 675 ## - CDU | |
| Notação | 087.5 |
| Edição | BN |
| Língua | por |
| 675 ## - CDU | |
| Notação | 004.73.05(0.053.5) |
| Edição | BN |
| Língua | por |
| 700 ## - Autor principal (pessoa individual) | |
| Apelido | Éffe |
| Nome | Fátima |
| ID Autoridade | 5747 |
| 702 ## - Autor secundário (pessoa individual) | |
| Apelido | Seixas |
| Nome | Ana |
| ID Autoridade | 5748 |
| 801 #0 - Fonte de origem | |
| País | PT |
| Agência | BEN2VN |
| Regras de catalogação | RPC |
| 830 ## - Notas gerais do catalogador | |
| Criado por | Tânia Croca |
| Data de criação | 01/10/2025 |
| 990 ## - Elementos KOHA | |
| Tipo de documento | Livro |
| Situação do levantamento | Biblioteca de origem | Código de barras | Cota | Permissão de empréstimo | Tipo de documento | Forma de aquisição |
|---|---|---|---|---|---|---|
| Biblioteca Escola Nº2 Vendas Novas | 100000002810 | CT EFF/ZIG | Livro | |||
| Biblioteca Escola Nº2 Vendas Novas | 100000028723 | CT EFF/ZIG | Livro |